| 000 | 00514nam a22001697a 4500 | ||
|---|---|---|---|
| 005 | 20251108175354.0 | ||
| 008 | 250721s9999 xx 000 0 ara d | ||
| 082 | 1 | 4 | _aم/213.44/سجس |
| 100 | 1 | _aالسجستاني، أبي داود بن الأشعث | |
| 245 | 1 | 0 | _aسنن أبي داود / |
| 264 | 1 |
_aعمان : _bبيت الافكار الدولية، _c{20- }. |
|
| 300 | _a771 ص. | ||
| 650 | 1 | 7 | _aالحديث الشريف |
| 650 | 1 | 7 | _aسنن أبي داود |
| 942 |
_2ddc _cREF |
||
| 999 |
_c132596 _d132596 |
||